Welcome to CU Library Online Public Access Catalogue (OPAC)

Argumentation and critical decision making / (Record no. 1708)

MARC details
000 -LEADER
fixed length control field 00833cam a2200241 a 4500
001 - CONTROL NUMBER
control field 15233531
005 - DATE AND TIME OF LATEST TRANSACTION
control field 20241128135253.0
008 - FIXED-LENGTH DATA ELEMENTS--GENERAL INFORMATION
fixed length control field 080326s2009 mau b 001 0 eng
020 ## - INTERNATIONAL STANDARD BOOK NUMBER
International Standard Book Number 9780205591831 (hardcover)
020 ## - INTERNATIONAL STANDARD BOOK NUMBER
International Standard Book Number 0205591833 (hardcover)
050 00 - LIBRARY OF CONGRESS CALL NUMBER
Classification number PN4181
Item number .R47 2009
082 00 - DEWEY DECIMAL CLASSIFICATION NUMBER
Classification number 808.5/3
Edition information 22
100 1# - MAIN ENTRY--PERSONAL NAME
Personal name Rieke, Richard D.
245 10 - TITLE STATEMENT
Title Argumentation and critical decision making /
Statement of responsibility, etc. Richard D. Rieke, Malcolm O. Sillars, Tarla Rai Peterson.
250 ## - EDITION STATEMENT
Edition statement 7th ed.
260 ## - PUBLICATION, DISTRIBUTION, ETC.
Place of publication, distribution, etc. Boston :
Name of publisher, distributor, etc. Pearson/Allyn and Bacon,
Date of publication, distribution, etc. c2009.
300 ## - PHYSICAL DESCRIPTION
Extent xvi, 335 p. ;
Dimensions 24 cm.
650 #0 - SUBJECT ADDED ENTRY--TOPICAL TERM
Topical term or geographic name entry element Debates and debating.
700 1# - ADDED ENTRY--PERSONAL NAME
Personal name Sillars, Malcolm O.
Fuller form of name (Malcolm Osgood),
Dates associated with a name 1928-
700 1# - ADDED ENTRY--PERSONAL NAME
Personal name Peterson, Tarla Rai.
856 41 - ELECTRONIC LOCATION AND ACCESS
Materials specified Table of contents only
Uniform Resource Identifier <a href="http://www.loc.gov/catdir/toc/ecip0814/2008013985.html">http://www.loc.gov/catdir/toc/ecip0814/2008013985.html</a>
942 ## - ADDED ENTRY ELEMENTS (KOHA)
Source of classification or shelving scheme Library of Congress Classification
Koha item type Books
Suppress in OPAC No
999 ## -
-- 1708
-- 1708
Holdings
Withdrawn status Lost status Source of classification or shelving scheme Damaged status Not for loan Collection Home library Current library Shelving location Date acquired Total checkouts Full call number Barcode Date last seen Copy number Price effective from Koha item type
    Library of Congress Classification     Fiction Undergraduate Library (Christ Temple) Undergraduate Library (Christ Temple) General stacks 11/28/2024   PN4181.R47 RIE ulct00000411 11/28/2024 1 11/28/2024 Books
© 2023-2024 Copyright: Central University Libraries. All Rights Reserved | Created by: Mahone Tech Office